Law for councillors

Bibliographic Details
Main Author: Turner, Barbara (Author)
Format: Book
Language:English
Published: London : Sweet & Maxwell 1986
Subjects:

MARC

LEADER 00000cam a2200000 7i4500
001 0000000576
005 20240919.0
008 991124 enk eng
020 |a 0421353600 
040 |a INS   |b eng   |e rda 
090 0 0 |a KD4759   |b .T84 1986 
100 1 |a Turner, Barbara ,   |e author 
245 1 0 |a Law for councillors   |c by Barbara Turner 
264 1 |a London :   |b Sweet & Maxwell   |c 1986 
264 4 |c ©1986 
300 |a xii, 146 pages ;   |c 22 cm. 
336 |a text  |2 rdacontent 
337 |a unmediated  |2 rdamedia 
338 |a volume  |2 rdacarrier 
650 0 |a Local government   |z England 
650 0 |a Parish councils (Local government)   |z England 
999 |a 0000002463   |b BOOK   |c Open Shelf   |e Default branch